<?xml version="1.0" encoding="UTF-8"?>
<record
    xmlns:xsi="http://www.w3.org/2001/XMLSchema-instance"
    xsi:schemaLocation="http://www.loc.gov/MARC21/slim http://www.loc.gov/standards/marcxml/schema/MARC21slim.xsd"
    xmlns="http://www.loc.gov/MARC21/slim">

  <leader>00594cam a22002171  4500</leader>
  <controlfield tag="001">sa 65010572 </controlfield>
  <controlfield tag="003">DLC</controlfield>
  <controlfield tag="005">20260227112209.0</controlfield>
  <controlfield tag="008">960911s1961    pk            000 0 pusr </controlfield>
  <datafield tag="010" ind1=" " ind2=" ">
    <subfield code="a">sa 65010572 </subfield>
  </datafield>
  <datafield tag="025" ind1=" " ind2=" ">
    <subfield code="a">PL480:P-Pushto-44</subfield>
  </datafield>
  <datafield tag="035" ind1=" " ind2=" ">
    <subfield code="a">(OCoLC)35520254</subfield>
  </datafield>
  <datafield tag="040" ind1=" " ind2=" ">
    <subfield code="a">DLC</subfield>
    <subfield code="c">CLU</subfield>
    <subfield code="d">CLU</subfield>
    <subfield code="d">DLC</subfield>
  </datafield>
  <datafield tag="042" ind1=" " ind2=" ">
    <subfield code="a">premarc</subfield>
  </datafield>
  <datafield tag="050" ind1="0" ind2="0">
    <subfield code="a">PK6820.R23</subfield>
    <subfield code="b">D3 1961</subfield>
  </datafield>
  <datafield tag="100" ind1="2" ind2=" ">
    <subfield code="a">R&#x101;&#x1E25;at Z&#x101;khel&#x12B;, R&#x101;&#x1E25;at All&#x101;h,</subfield>
    <subfield code="d">1884-1962.</subfield>
  </datafield>
  <datafield tag="245" ind1="0" ind2="0">
    <subfield code="a">D&#x101;gh&#x16B;nah.</subfield>
    <subfield code="c">Sayyid R&#x101;&#x1E25; at Z&#x101;khel&#x12B;.</subfield>
  </datafield>
  <datafield tag="260" ind1=" " ind2=" ">
    <subfield code="a">Pish&#x101;war,</subfield>
    <subfield code="b">Sayyid R&#x101;hat,</subfield>
    <subfield code="c">1961]</subfield>
  </datafield>
  <datafield tag="300" ind1=" " ind2=" ">
    <subfield code="a">256 p.</subfield>
    <subfield code="c">19 cm.</subfield>
  </datafield>
  <datafield tag="500" ind1=" " ind2=" ">
    <subfield code="a">Poems.</subfield>
  </datafield>
  <datafield tag="999" ind1=" " ind2=" ">
    <subfield code="c">66834</subfield>
    <subfield code="d">66834</subfield>
  </datafield>
</record>
